Franklin Staff (High School only) - Statistics

General Stats
  • This quiz has been taken 27 times
    8 since last reset
  • The average score is 17 of 39
Answer Stats
Hint Answer % Correct
Chemistry Teacher Barclay
100%
Algebra 2 Teacher Barclay/Ntherful
100%
Principal COL(H) Hudson
100%
Spanish I, II & III Teacher Diaz
100%
Algebra I Teacher Paschall/Barclay/Ntherful
100%
Art I, Art II & Art III Teacher Ashe
67%
Physical Education Teacher Blackman
67%
HS Band Teacher Corey
67%
10 English Teacher Dereu/Smith
67%
Assistant Principal Dr. Smith
67%
Senior Army Instructor/ 11-12 JROTC Instructor LTC Robinson
67%
HS Guitar Teacher Mendez
67%
World History 1 Teacher Portsmess/Williams
67%
CTE Digital Applications, and Economics & Finance Teacher Teacher Reives
67%
10/11th JROTC Instructor SFC Jefferson
67%
8/9 JROTC Instructor SFC Thornton
67%
11 & AP English Teacher Smith
67%
Biology 1 Teacher Wester/Nunez
67%
World History 2 Teacher Williams
67%
Librarian Media Specialist Bannister
33%
AP US History Teacher Dubinsky
33%
REAL Richmond Teacher Dubinsky
33%
School Counselor Frierson
33%
SPACE/Public Speaking Teacher Hayward-Jones
33%
Geometry Teacher Ntherful
33%
Independent Living Teacher Parker
33%
VA US History Teacher Walker
33%
AP US Government Teacher Walker
33%
CHALLENGE: Previous Senior Army Instructor/ 12 JROTC Instructor COL Day
0%
CHALLENGE: Previous Principal? COL (H) Carter-Gunter
0%
9th English Teacher Dereu
0%
Administrative Office Associate Hairston
0%
Office Associate III Logan
0%
AP Pre Calc Teacher Mahoney
0%
AP Biology Teacher Nunez
0%
Computer Programming, Computer Solutions / Keyboarding, AP Computer Science Programming Teacher Taylor
0%
French I, II & III Teacher Vernet
0%
Earth Science Teacher Wilkerson
0%
Cafeteria Manager Wooldridge
0%
No matching quizzes found
Score Distribution
Percent of People with Each Score
Percentile by Number Answered
Your Score History
You have not taken this quiz since the last reset